Additions to the national wilderness preservation system : joint oversight hearings before the Subcommittee on Public Lands, Committee on Interior and Insular Affairs, and the Subcommittee on Forests, Committee on Agriculture, House of Representatives, Ninety-sixth Congress, first session ...
| Corporate Authors: | , |
|---|---|
| Format: | Government Document eBook |
| Language: | English |
| Published: |
Washington :
U.S. G.P.O.,
1980.
|
| Series: | U.S. Congressional Hearings.
|
| Subjects: | |
| Online Access: | Connect to the full text of this electronic book Connect to the full text of this electronic book Connect to the full text of this electronic book Connect to the full text of this electronic book Connect to the full text of this electronic book Connect to the full text of this electronic book Connect to the full text of this electronic book Connect to the full text of this electronic book Connect to the full text of this electronic book Connect to the full text of this electronic book |
MARC
| Tag | First Indicator | Second Indicator | Subfields |
|---|---|---|---|
| LEADER | 00000cam a22000001a 4500 | ||
| 001 | in00003193021 | ||
| 006 | m d f | ||
| 007 | cr bn mmmapmmp | ||
| 008 | 100318s1980 dcua ob f000 0 eng d | ||
| 005 | 20260511211800.3 | ||
| 035 | |a cis2007491321 | ||
| 040 | |a UMI |c UMI |d UtOrBLW | ||
| 043 | |a n-us--- | ||
| 074 | |a 1023 | ||
| 086 | 0 | |a Y 4.In 8/14:96-11/pt.1-10 | |
| 088 | |a Serial No. 96-11 (United States. Congress. House. Committee on Interior and Insular Affairs) | ||
| 088 | |a Serial No. 96-KK (United States. Congress. House. Committee on Agriculture) | ||
| 099 | |a HRG-1979-IIA-0007 | ||
| 099 | |a HRG-1980-IIA-0017 | ||
| 099 | |a HRG-1979-IIA-0014 | ||
| 099 | |a HRG-1979-IIA-0023 | ||
| 099 | |a HRG-1979-IIA-0031 | ||
| 099 | |a HRG-1979-IIA-0032 | ||
| 099 | |a HRG-1979-IIA-0049 | ||
| 099 | |a HRG-1979-IIA-0050 | ||
| 099 | |a HRG-1979-IIA-0051 | ||
| 099 | |a HRG-1979-IIA-0052 | ||
| 110 | 1 | |a United States. |b Congress. |b House. |b Committee on Interior and Insular Affairs. |b Subcommittee on Public Lands. | |
| 245 | 1 | 0 | |a Additions to the national wilderness preservation system : |b joint oversight hearings before the Subcommittee on Public Lands, Committee on Interior and Insular Affairs, and the Subcommittee on Forests, Committee on Agriculture, House of Representatives, Ninety-sixth Congress, first session ... |
| 264 | 1 | |a Washington : |b U.S. G.P.O., |c 1980. | |
| 300 | |a 1 online resource. | ||
| 336 | |a text |b txt |2 rdacontent | ||
| 337 | |a computer |b c |2 rdamedia | ||
| 338 | |a online resource |b cr |2 rdacarrier | ||
| 500 | |a Record is based on bibliographic data in ProQuest Congressional Hearings Digital Collection. Reuse except for individual research requires license from ProQuest, LLC. | ||
| 504 | |a Includes bibliographical references. | ||
| 538 | |a System requirements: PDF reader software. | ||
| 500 | |a Electronic resource. | ||
| 650 | 0 | |a Wilderness areas |z United States. | |
| 650 | 0 | |a Forest policy |z United States. | |
| 655 | 7 | |a Electronic books. |2 local | |
| 710 | 2 | |a ProQuest (Firm) | |
| 776 | 0 | 8 | |i Print version: |a United States. Congress. House. Committee on Interior and Insular Affairs. Subcommittee on Public Lands |t Additions to the national wilderness preservation system |w (DLC)80601508 |w (OCoLC)06605163 |w gp 81004124 |
| 776 | 0 | 8 | |i Microfiche version: |a United States. Congress. House. Committee on Interior and Insular Affairs. Subcommittee on Public Lands |t Additions to the national wilderness preservation system. |d [Bethesda, Md.] : ProQuest,[2004] |o CIS 80 H441-11 (pt.1) |o CIS 81 H441-9 (pt.10) |o CIS 80 H441-18 (pt.2) |o CIS 80 H441-26 (pt.3) |o CIS 80 H441-34 (pt.4) |o CIS 80 H441-35 (pt.5) |o CIS 81 H441-1 (pt.6) |o CIS 81 H441-6 (pt.7) |o CIS 81 H441-7 (pt.8) |o CIS 81 H441-8 (pt.9) |w (ProQuest)cis08000008 |
| 830 | 0 | |a U.S. Congressional Hearings. | |
| 856 | 4 | 0 | |u http://proxy.library.tamu.edu/login?url=https://congressional.proquest.com/congcomp/getdoc?HEARING-ID=HRG-1979-IIA-0007 |z Connect to the full text of this electronic book |t 0 |
| 856 | 4 | 0 | |u http://proxy.library.tamu.edu/login?url=https://congressional.proquest.com/congcomp/getdoc?HEARING-ID=HRG-1980-IIA-0017 |z Connect to the full text of this electronic book |t 0 |
| 856 | 4 | 0 | |u http://proxy.library.tamu.edu/login?url=https://congressional.proquest.com/congcomp/getdoc?HEARING-ID=HRG-1979-IIA-0014 |z Connect to the full text of this electronic book |t 0 |
| 856 | 4 | 0 | |u http://proxy.library.tamu.edu/login?url=https://congressional.proquest.com/congcomp/getdoc?HEARING-ID=HRG-1979-IIA-0023 |z Connect to the full text of this electronic book |t 0 |
| 856 | 4 | 0 | |u http://proxy.library.tamu.edu/login?url=https://congressional.proquest.com/congcomp/getdoc?HEARING-ID=HRG-1979-IIA-0031 |z Connect to the full text of this electronic book |t 0 |
| 856 | 4 | 0 | |u http://proxy.library.tamu.edu/login?url=https://congressional.proquest.com/congcomp/getdoc?HEARING-ID=HRG-1979-IIA-0032 |z Connect to the full text of this electronic book |t 0 |
| 856 | 4 | 0 | |u http://proxy.library.tamu.edu/login?url=https://congressional.proquest.com/congcomp/getdoc?HEARING-ID=HRG-1979-IIA-0049 |z Connect to the full text of this electronic book |t 0 |
| 856 | 4 | 0 | |u http://proxy.library.tamu.edu/login?url=https://congressional.proquest.com/congcomp/getdoc?HEARING-ID=HRG-1979-IIA-0050 |z Connect to the full text of this electronic book |t 0 |
| 856 | 4 | 0 | |u http://proxy.library.tamu.edu/login?url=https://congressional.proquest.com/congcomp/getdoc?HEARING-ID=HRG-1979-IIA-0051 |z Connect to the full text of this electronic book |t 0 |
| 856 | 4 | 0 | |u http://proxy.library.tamu.edu/login?url=https://congressional.proquest.com/congcomp/getdoc?HEARING-ID=HRG-1979-IIA-0052 |z Connect to the full text of this electronic book |t 0 |
| 998 | |a cis08000008 | ||
| 999 | |a MARS | ||
| 999 | f | f | |s 61862c4d-2486-39a9-bc87-164ea3e0ddf8 |i a6ea3846-252c-38b4-b4b7-a20053d3eb47 |t 0 |
| 952 | f | f | |a Texas A&M University |b College Station |c Electronic Resources |s www_evans |d Available Online |t 0 |e HRG-1979-IIA-0052 |h Other scheme |
| 998 | f | f | |a HRG-1979-IIA-0052 |t 0 |l Available Online |